[Event "Championship Primorsy Debut"]
[Site "?"]
[Date "2015.07.26"]
[Round "6.3"]
[White "Sek, Konstantin"]
[Black "Smirnov, Pavel"]
[Result "0-1"]
[WhiteElo "2432"]
[BlackElo "2600"]
[PlyCount "84"]
[EventDate "2015.??.??"]

1. e4 e5 2. Nf3 Nc6 3. Bc4 Nf6 4. d3 Bc5 5. Nc3 h6 6. Be3 Bxe3 7. fxe3 d6 8. a3
O-O 9. O-O Be6 10. Bxe6 fxe6 11. d4 exd4 12. exd4 e5 13. dxe5 Nxe5 14. Nxe5
dxe5 15. Qxd8 Raxd8 16. Rad1 c6 17. Rf5 Rxd1+ 18. Nxd1 Rd8 19. Ne3 Rd2 20. Rxe5
Re2 21. Nf5 g6 22. Kf1 Rxc2 23. Nd6 Ng4 24. Re8+ Kg7 25. e5 Ne3+ 26. Ke1 Nxg2+
27. Kd1 Ne3+ 28. Ke1 Nd5 29. Rd8 g5 30. Rd7+ Kg6 31. Rxb7 Rxh2 32. Rxa7 Rxb2
33. Ra8 Nf4 34. Kd1 Re2 35. Rg8+ Kh5 36. Nf7 Ra2 37. Rc8 g4 38. Rxc6 g3 39.
Rxh6+ Kg4 40. Rh8 g2 41. Rg8+ Kh5 42. e6 Ng6 0-1

[Event "Championship Primorsy Debut"]
[Site "?"]
[Date "2015.07.26"]
[Round "6.4"]
[White "Maletin, Pavel"]
[Black "Papin, Vasily"]
[Result "0-1"]
[WhiteElo "2583"]
[BlackElo "2500"]
[PlyCount "36"]
[EventDate "2015.??.??"]

1. d4 Nf6 2. c4 e6 3. g3 c5 4. d5 exd5 5. cxd5 d6 6. Nc3 g6 7. Bg2 Bg7 8. Nf3
O-O 9. O-O a6 10. a4 Nbd7 11. Bf4 Qe7 12. Rb1 h6 13. b4 cxb4 14. Rxb4 Nc5 15.
e4 Bg4 16. h3 Bxf3 17. Bxf3 Nfd7 18. Qd2 g5 0-1

[Event "Championship Primorsy Debut"]
[Site "?"]
[Date "2015.07.26"]
[Round "6.5"]
[White "Bocharov, Dmitry"]
[Black "Yanchenko, Roman"]
[Result "1-0"]
[WhiteElo "2561"]
[BlackElo "2384"]
[PlyCount "123"]
[EventDate "2015.??.??"]

1. c4 Nf6 2. Nf3 e6 3. g3 d5 4. Bg2 c6 5. O-O Be7 6. b3 Nbd7 7. Bb2 O-O 8. Nc3
e5 9. cxd5 cxd5 10. d4 e4 11. Ne5 Bd6 12. f4 exf3 13. Nxf3 Bb4 14. Rc1 Qe7 15.
Qd3 Re8 16. Rc2 Bxc3 17. Qxc3 Ne4 18. Qc7 h5 19. Bc1 a5 20. Bf4 a4 21. Bh3 axb3
22. axb3 g5 23. Nxg5 Nxg5 24. Bxg5 Qxg5 25. Bxd7 Qe3+ 26. Rf2 Ra1+ 27. Kg2 Qe4+
28. Rf3 Bxd7 29. Qxd7 Re7 30. Qf5 Ra6 31. Qxe4 Rxe4 32. e3 Rb6 33. Rc7 Rxb3 34.
Rfxf7 Rbxe3 35. Rg7+ Kh8 36. Rh7+ Kg8 37. Rcg7+ Kf8 38. Rxb7 Kg8 39. Rbg7+ Kf8
40. Rd7 Kg8 41. Rxh5 Re2+ 42. Kh3 Rxd4 43. Rhxd5 Ra4 44. Rb7 Ra8 45. Rdd7 Rea2
46. Rh7 R8a3 47. Rhc7 Ra8 48. Rc3 Kh8 49. g4 Rg8 50. Kg3 Rga8 51. h3 Ra1 52.
Kh4 R1a4 53. Kh5 R4a5+ 54. g5 R5a6 55. h4 Ra4 56. Rbc7 Rg8 57. Rc8 Ra6 58.
Rxg8+ Kxg8 59. Rc8+ Kg7 60. Rc7+ Kg8 61. g6 Ra4 62. Kg5 1-0

[Event "Championship Primorsy Debut"]
[Site "?"]
[Date "2015.07.26"]
[Round "6.6"]
[White "Keosidi, Konstantin"]
[Black "Pridorozhni, Aleksei"]
[Result "0-1"]
[WhiteElo "2401"]
[BlackElo "2569"]
[PlyCount "92"]
[EventDate "2015.??.??"]

1. d4 e6 2. Nf3 c5 3. e3 Nf6 4. Bd3 Nc6 5. O-O b6 6. a3 Be7 7. b3 O-O 8. Bb2
Bb7 9. Nbd2 Rc8 10. Qe2 Rc7 11. e4 cxd4 12. Nxd4 Nxd4 13. Bxd4 d6 14. a4 Nd7
15. a5 Bf6 16. axb6 axb6 17. Bxf6 Qxf6 18. Nc4 d5 19. e5 Qf4 20. g3 Qd4 21.
Rfd1 Qc3 22. Nd6 Qxe5 23. Qxe5 Nxe5 24. Ra7 Nxd3 25. cxd3 Rb8 26. d4 Kf8 27.
Kg2 Rd7 28. Rc1 Rxd6 29. Rc7 g5 30. Kf3 h5 31. Raxb7 Rxb7 32. Rxb7 Rc6 33. Ke2
Kg7 34. Kd3 Rc1 35. Rxb6 Rh1 36. h4 gxh4 37. gxh4 Rh3+ 38. Ke2 Rxh4 39. Ke3
Re4+ 40. Kd3 h4 41. Rc6 Re1 42. Rc2 h3 43. f3 Rf1 44. Ke3 Rb1 45. Rh2 Rxb3+ 46.
Kf4 Rd3 {Ke4} 0-1

[Event "Championship Primorsy Debut"]
[Site "?"]
[Date "2015.07.26"]
[Round "6.7"]
[White "Vlasov, Igor"]
[Black "Shomoev, Anton"]
[Result "0-1"]
[WhiteElo "2232"]
[BlackElo "2578"]
[PlyCount "72"]
[EventDate "2015.??.??"]

1. d4 g6 2. Nf3 Bg7 3. Bf4 d6 4. e3 Nd7 5. Be2 e5 6. Bg3 Nh6 7. Nc3 Nf5 8. dxe5
dxe5 9. e4 Nxg3 10. hxg3 c6 11. Bc4 Qe7 12. Qd2 h6 13. a3 Nc5 14. b4 Ne6 15.
Ne2 O-O 16. c3 b5 17. Bb3 Rd8 18. Qc2 Bb7 19. Qa2 Rd6 20. Bxe6 Rxe6 21. O-O c5
22. Qb1 Rd8 23. a4 Ra6 24. c4 bxc4 25. b5 Rad6 26. Qc2 Qe6 27. Rfc1 f5 28. Nc3
Rd3 29. Ne1 Rd2 30. Qb1 R2d4 31. exf5 gxf5 32. Ra3 f4 33. gxf4 exf4 34. a5 f3
35. gxf3 Qh3 36. Qg6 Bxf3 0-1

[Event "Championship Primorsy Debut"]
[Site "?"]
[Date "2015.07.26"]
[Round "6.8"]
[White "Zablotsky, Sergei"]
[Black "Muratov, Sergey"]
[Result "1-0"]
[WhiteElo "2533"]
[BlackElo "2218"]
[PlyCount "49"]
[EventDate "2015.??.??"]

1. e4 c6 2. Nc3 d5 3. Qe2 dxe4 4. Nxe4 e6 5. Nf3 Nd7 6. b3 Ngf6 7. Bb2 Be7 8.
O-O-O a5 9. a4 O-O 10. g4 b5 11. g5 Nd5 12. Nd4 Bb7 13. Rg1 bxa4 14. bxa4 c5
15. Nb5 N7b6 16. Qg4 Qb8 17. Nf6+ Bxf6 18. gxf6 g6 19. Qh4 Kh8 20. Rg4 e5 21.
c4 Nf4 22. Re1 Re8 23. Rxf4 exf4 24. Re7 Nxa4 25. Qh6 1-0

[Event "Championship Primorsy Debut"]
[Site "?"]
[Date "2015.07.26"]
[Round "6.9"]
[White "Zherebtsova, Alexandra"]
[Black "Pevzner, Lev"]
[Result "1/2-1/2"]
[WhiteElo "2210"]
[BlackElo "2396"]
[PlyCount "72"]
[EventDate "2015.??.??"]

1. d4 Nf6 2. Nf3 g6 3. c4 Bg7 4. Nc3 O-O 5. g3 d6 6. Bg2 Nbd7 7. O-O e5 8. h3
c6 9. e4 Qb6 10. Re1 exd4 11. Na4 Qa6 12. Nxd4 Qxc4 13. b3 Qb4 14. Ba3 Qa5 15.
Bxd6 Re8 16. Rc1 Bf8 17. b4 Qd8 18. Bxf8 Nxf8 19. e5 Nh5 20. Nc5 Qb6 21. Qb3
Be6 22. Qb2 Rad8 23. a4 Bd5 24. a5 Qc7 25. Bxd5 Rxd5 26. Nf3 Nd7 27. e6 Nxc5
28. exf7+ Qxf7 29. Rxe8+ Qxe8 30. Rxc5 Qe4 31. Rxd5 Qxd5 32. Nh2 Qd1+ 33. Kg2
Qd5+ 34. Kg1 Qd1+ 35. Kg2 Qd5+ 36. Kg1 Qd1+ 1/2-1/2

[Event "Championship Primorsy Debut"]
[Site "?"]
[Date "2015.07.26"]
[Round "6.10"]
[White "Musaev, Rasul"]
[Black "Tugarin, Anton"]
[Result "1-0"]
[WhiteElo "2341"]
[BlackElo "2177"]
[PlyCount "198"]
[EventDate "2015.??.??"]

1. e4 e6 2. d4 d5 3. Nc3 Bb4 4. e5 Ne7 5. a3 Bxc3+ 6. bxc3 c5 7. Nf3 h6 8. a4
Qc7 9. h4 b6 10. Bb5+ Bd7 11. Bd3 Nbc6 12. Bd2 c4 13. Bf1 f6 14. Bf4 O-O-O 15.
Qb1 Ng6 16. Bg3 f5 17. h5 Nf8 18. Bf4 Nh7 19. Be2 Be8 20. Bc1 Bf7 21. Qb5 Be8
22. g3 Kb7 23. Qb1 Ka8 24. Nh4 Ng5 25. Ng2 Ne4 26. Qb2 g5 27. hxg6 Bxg6 28. Rh4
Ng5 29. Bf4 Bf7 30. Qc1 Rdg8 31. f3 Qd8 32. Kf2 Qf8 33. Qd2 Be8 34. Rah1 Nf7
35. Bxh6 Qa3 36. Bg5 Rxh4 37. Bxh4 Qxa4 38. Bf6 Ncd8 39. Ne3 Rg6 40. g4 fxg4
41. Nxg4 Nc6 42. f4 Qa3 43. Bf3 Kb8 44. Ne3 Ne7 45. Bg4 Ng8 46. Bh4 Qf8 47. Bh5
Rh6 48. Bf3 Nh8 49. f5 exf5 50. Bxd5 Ng6 51. Bg5 Rxh1 52. Bxh1 f4 53. Ng2 Bc6
54. Kg1 f3 55. Nf4 Qf5 56. Nxg6 f2+ 57. Kf1 Bxh1 58. Nh4 Qh3+ 59. Kxf2 Qh2+ 60.
Kf1 Qh3+ 61. Ng2 Qf5+ 62. Kg1 Qh3 63. e6 Bxg2 64. Qxg2 Qxe6 65. Bf4+ Kc8 66.
Qa8+ Kd7 67. Qxa7+ Kc6 68. Qa8+ Kb5 69. Be5 Ne7 70. Qe8+ Ka6 71. Qa8+ Kb5 72.
Qe8+ Ka6 73. Kf2 Kb7 74. Ke1 Ka6 75. Kd1 Kb7 76. Kc1 Ka6 77. Kb2 Kb7 78. Qb8+
Kc6 79. Qa8+ Kd7 80. Qb7+ Ke8 81. Qb8+ Kd7 82. Bc7 Nd5 83. Qd8+ Kc6 84. Be5 Qd7
85. Qa8+ Qb7 86. Qa4+ b5 87. Qa3 Kd7 88. Qd6+ Ke8 89. Qe6+ Kd8 90. Bf6+ Kc7 91.
Be5+ Kd8 92. Qg8+ Kd7 93. Qf7+ Ne7 94. Bf6 Qe4 95. Qxe7+ Qxe7 96. Bxe7 Kxe7 97.
Ka3 Kd6 98. Kb4 Kc6 99. Ka5 Kd5 1-0

[Event "Championship Primorsky Debut"]
[Site "?"]
[Date "2015.07.27"]
[Round "7.1"]
[White "Papin, Vasily"]
[Black "Goganov, Aleksey"]
[Result "1/2-1/2"]
[WhiteElo "2500"]
[BlackElo "2601"]
[PlyCount "46"]
[EventDate "2015.??.??"]

1. c4 c5 2. Nf3 Nc6 3. Nc3 Nf6 4. g3 g6 5. Bg2 Bg7 6. d4 cxd4 7. Nxd4 O-O 8.
O-O Qa5 9. Nb3 Qh5 10. h3 d6 11. g4 Bxg4 12. hxg4 Nxg4 13. Bf4 Be5 14. Qd2 g5
15. Bxe5 Ncxe5 16. Rfc1 Nxc4 17. Qd4 Nce3 18. fxe3 Qh4 19. Nd1 Qe1+ 20. Bf1
Qg3+ 21. Bg2 Qe1+ 22. Bf1 Qg3+ 23. Bg2 Qe1+ 1/2-1/2

[Event "Championship Primorsky Debut"]
[Site "?"]
[Date "2015.07.27"]
[Round "7.2"]
[White "Smirnov, Pavel"]
[Black "Bocharov, Dmitry"]
[Result "1-0"]
[WhiteElo "2600"]
[BlackElo "2561"]
[PlyCount "55"]
[EventDate "2015.??.??"]

1. e4 d6 2. d4 Nf6 3. Nc3 g6 4. f4 Bg7 5. Nf3 O-O 6. e5 dxe5 7. fxe5 Nd5 8. Bc4
Nb6 9. Bb3 Bg4 10. Ne4 Nc6 11. c3 Na5 12. Bc2 f6 13. exf6 exf6 14. O-O Qd5 15.
Nc5 Rae8 16. b4 Nac4 17. Bb3 Nc8 18. h3 Be6 19. Nxe6 Rxe6 20. Nd2 b5 21. a4 a6
22. axb5 axb5 23. Nxc4 bxc4 24. Ra5 Qd7 25. Bxc4 Nb6 26. Bxe6+ Qxe6 27. Re1 Qf7
28. Qe2 1-0

[Event "Championship Primorsky Debut"]
[Site "?"]
[Date "2015.07.27"]
[Round "7.3"]
[White "Pridorozhni, Aleksei"]
[Black "Rozum, Ivan"]
[Result "1/2-1/2"]
[WhiteElo "2569"]
[BlackElo "2535"]
[PlyCount "63"]
[EventDate "2015.??.??"]

1. e4 c6 2. Nc3 d5 3. d4 dxe4 4. Nxe4 Bf5 5. Ng3 Bg6 6. h4 h6 7. Nf3 Nd7 8. h5
Bh7 9. Bd3 Bxd3 10. Qxd3 e6 11. Bd2 Ngf6 12. O-O-O Be7 13. Kb1 Qc7 14. Qe2 O-O
15. Nf1 c5 16. g4 cxd4 17. g5 Nd5 18. gxh6 Bf6 19. Ng3 Rfc8 20. Bc1 Qb6 21. Ne4
Nc5 22. Nxf6+ gxf6 23. Qf1 d3 24. Rxd3 Nxd3 25. Qxd3 Nb4 26. Qe4 Nxc2 27. Rg1+
Kh8 28. Ng5 Na3+ 29. Ka1 Nc2+ 30. Kb1 Na3+ 31. Ka1 Nc2+ 32. Kb1 1/2-1/2

[Event "Championship Primorsky Debut"]
[Site "?"]
[Date "2015.07.27"]
[Round "7.4"]
[White "Kokarev, Dmitry"]
[Black "Maletin, Pavel"]
[Result "1/2-1/2"]
[WhiteElo "2608"]
[BlackElo "2583"]
[PlyCount "81"]
[EventDate "2015.??.??"]

1. e4 c5 2. Nf3 d6 3. Bb5+ Bd7 4. Bxd7+ Qxd7 5. c4 Nf6 6. Nc3 g6 7. d4 cxd4 8.
Nxd4 Bg7 9. O-O O-O 10. f3 Rc8 11. b3 d5 12. exd5 Nxd5 13. Nxd5 e6 14. Bh6 exd5
15. Bxg7 Kxg7 16. Nb5 dxc4 17. Nd6 Rd8 18. Nxb7 Qxd1 19. Rfxd1 Rxd1+ 20. Rxd1
cxb3 21. axb3 Nc6 22. Rd6 Rb8 23. Rxc6 Rxb7 24. Ra6 Rxb3 25. Rxa7 Rb1+ 26. Kf2
Rb2+ 27. Kg3 g5 28. Ra4 Kg6 29. h4 f6 30. hxg5 fxg5 31. Ra6+ Kg7 32. Ra5 Kg6
33. Ra6+ Kg7 34. Ra5 Kg6 35. Kh3 h5 36. Ra6+ Kg7 37. Kg3 Rc2 38. Ra7+ Kg6 39.
Ra5 Rc6 40. Kh3 Rc4 41. Ra6+ 1/2-1/2

[Event "Championship Primorsky Debut"]
[Site "?"]
[Date "2015.07.27"]
[Round "7.5"]
[White "Shomoev, Anton"]
[Black "Musaev, Rasul"]
[Result "0-1"]
[WhiteElo "2578"]
[BlackElo "2341"]
[PlyCount "62"]
[EventDate "2015.??.??"]

1. e4 e6 2. d4 d5 3. Nc3 Nf6 4. e5 Nfd7 5. Qg4 c5 6. Nf3 cxd4 7. Nb5 Nc6 8. Bf4
h6 9. h4 Qa5+ 10. Bd2 Qb6 11. Nd6+ Ke7 12. Qf4 f6 13. exf6+ gxf6 14. O-O-O e5
15. Nxc8+ Rxc8 16. Qf5 Kd8 17. g3 Rc7 18. Kb1 Ba3 19. Bc1 e4 20. Nxd4 Nxd4 21.
Qxd5 Nxc2 22. Bb5 Nb4 23. Qf5 Nd3 24. Bf4 Bd6 25. Be3 Bc5 26. Bxc5 Qxc5 27.
Qxc5 N3xc5 28. Rd5 a6 29. Be2 Ke7 30. Rc1 Ne6 31. Re1 Ne5 0-1

[Event "Championship Primorsky Debut"]
[Site "?"]
[Date "2015.07.27"]
[Round "7.6"]
[White "Savchenko, Boris"]
[Black "Kravtsov, Sergey"]
[Result "1-0"]
[WhiteElo "2566"]
[BlackElo "2325"]
[PlyCount "77"]
[EventDate "2015.??.??"]

1. e4 e6 2. d4 d5 3. e5 c5 4. c3 Nc6 5. Nf3 Qb6 6. a3 Bd7 7. b4 cxd4 8. cxd4
Rc8 9. Be3 Nb8 10. Qb3 Bb5 11. Nc3 Bxf1 12. Rxf1 Nd7 13. Kd2 Qa6 14. Rfc1 Nb6
15. b5 Qa5 16. Ke2 Nc4 17. Nd2 Nxe3 18. fxe3 Ne7 19. Na4 Rb8 20. Rc2 Ng6 21.
Rac1 Be7 22. Nc5 Bxc5 23. Rxc5 O-O 24. Rc7 f6 25. exf6 Rxf6 26. Nf3 Qb6 27. Qb4
h6 28. a4 a6 29. Rd7 a5 30. Qc5 Qxc5 31. Rxc5 Nf8 32. Rdc7 b6 33. R5c6 Ng6 34.
Rd6 Rf7 35. Rcc6 Rbf8 36. Rxe6 Nh4 37. Nxh4 Rf2+ 38. Kd3 Ra2 39. Re5 1-0

[Event "Championship Primorsky Debut"]
[Site "?"]
[Date "2015.07.27"]
[Round "7.7"]
[White "Rychkov, Oleg"]
[Black "Zablotsky, Sergei"]
[Result "0-1"]
[WhiteElo "2328"]
[BlackElo "2533"]
[PlyCount "66"]
[EventDate "2015.??.??"]

1. e4 c6 2. d4 d5 3. e5 c5 4. c4 cxd4 5. Nf3 Bg4 6. cxd5 Qxd5 7. Nc3 Bxf3 8.
Nxd5 Bxd1 9. Nc7+ Kd7 10. Nxa8 Bc2 11. e6+ fxe6 12. Bf4 Nc6 13. Bb5 g6 14. Rc1
d3 15. Bxd3 Bxd3 16. Rd1 Nb4 17. f3 Bh6 18. a3 Bxf4 19. axb4 Nf6 20. Rxd3+ Nd5
21. Kf2 Rxa8 22. Ra1 Bc7 23. Rc1 b5 24. h4 Bd6 25. Re1 Bxb4 26. Re5 Rc8 27. h5
Rc2+ 28. Re2 Bc5+ 29. Ke1 Rxe2+ 30. Kxe2 gxh5 31. Rd1 a5 32. g3 a4 33. Rh1 Nf6
0-1

[Event "Championship Primorsky Debut"]
[Site "?"]
[Date "2015.07.27"]
[Round "7.8"]
[White "Yanchenko, Roman"]
[Black "Sek, Konstantin"]
[Result "0-1"]
[WhiteElo "2384"]
[BlackElo "2432"]
[PlyCount "152"]
[EventDate "2015.??.??"]

1. d4 Nf6 2. Nf3 c5 3. e3 g6 4. Be2 Bg7 5. O-O O-O 6. Nbd2 b6 7. c3 Bb7 8. a4
Nc6 9. a5 Nxa5 10. b4 cxb4 11. cxb4 Nc6 12. b5 Na5 13. Nb3 a6 14. Nxa5 bxa5 15.
b6 Qxb6 16. Bd2 Bc6 17. Bxa5 Qb7 18. Qd2 Rab8 19. Rfc1 Rfc8 20. Ne1 d6 21. Qd1
Bb5 22. Bf3 Qd7 23. Nd3 Rxc1 24. Rxc1 Rc8 25. Nb4 h5 26. Ra1 Bc4 27. Rb1 d5 28.
Nd3 Qf5 29. Ne5 Bb5 30. Rc1 Ne4 31. h3 Bf6 32. Rxc8+ Qxc8 33. Qb1 Qb7 34. Qc2
Ng5 35. Bd1 Ne6 36. f4 Bxe5 37. fxe5 Bc4 38. Kh2 Qb5 39. Be1 Qd7 40. Bh4 Ng7
41. Qd2 Qc7 42. Bg3 Ne6 43. Bh4 Ng7 44. Bc2 Bb5 45. Be1 Qc4 46. Bh4 Qc7 47. Bb3
Nf5 48. Be1 Qc6 49. g4 hxg4 50. hxg4 Ng7 51. Bh4 Qd7 52. Bd1 Ne6 53. Bf3 Bc4
54. Qb4 Kf8 55. Qb8+ Kg7 56. Qb4 g5 57. Be1 Qc7 58. Qa3 Nd8 59. Bd1 Qb7 60. Bc2
Nc6 61. Kg3 a5 62. Qa1 Qa8 63. Kg2 Qa6 64. Bc3 Bd3 65. Bd1 Be4+ 66. Kf2 Qb6 67.
Be2 Nb4 68. Qa4 Qh6 69. Ke1 Nc2+ 70. Kd2 Qh3 71. Qxa5 Qxe3+ 72. Kd1 Qg1+ 73.
Be1 Qxd4+ 74. Kc1 Qe3+ 75. Kd1 Nd4 76. Qd2 Bc2+ 0-1

[Event "Championship Primorsky Debut"]
[Site "?"]
[Date "2015.07.27"]
[Round "7.9"]
[White "Sutormin, Danila"]
[Black "Keosidi, Konstantin"]
[Result "0-1"]
[WhiteElo "2306"]
[BlackElo "2401"]
[PlyCount "68"]
[EventDate "2015.??.??"]

1. e4 e5 2. Nf3 Nf6 3. Nxe5 d6 4. Nf3 Nxe4 5. d4 d5 6. Bd3 Be7 7. O-O Nc6 8. c4
Nb4 9. Be2 O-O 10. Nc3 Bf5 11. a3 Nxc3 12. bxc3 Nc6 13. Bf4 Na5 14. cxd5 Qxd5
15. Bxc7 Rac8 16. Bxa5 Qxa5 17. c4 Bf6 18. Qb3 Be4 19. Rad1 b6 20. Nd2 Rce8 21.
Bd3 Bc6 22. Qb4 Qxb4 23. axb4 Bxd4 24. Nb3 Bf6 25. b5 Bb7 26. Rfe1 g6 27. Rxe8
Rxe8 28. Bf1 Bc8 29. Rd2 Be6 30. Ra2 Re7 31. Nd2 Kg7 32. Ne4 Rd7 33. Nxf6 Kxf6
34. Ra4 Ke5 0-1

[Event "Championship Primorsky Debut"]
[Site "?"]
[Date "2015.07.27"]
[Round "7.10"]
[White "Pevzner, Lev"]
[Black "Vilchenko, Maxim"]
[Result "1-0"]
[WhiteElo "2396"]
[BlackElo "2238"]
[PlyCount "79"]
[EventDate "2015.??.??"]

1. d4 Nf6 2. c4 g6 3. Nc3 d5 4. Nf3 Bg7 5. Bf4 O-O 6. Rc1 dxc4 7. e3 Be6 8. Ng5
Bd5 9. e4 h6 10. exd5 hxg5 11. Bxg5 Nxd5 12. Bxc4 Nb6 13. Bb3 Nc6 14. Ne2 a5
15. a4 Qd7 16. O-O Qg4 17. h4 Bf6 18. f3 Qh5 19. Nf4 Qh7 20. d5 Rad8 21. Re1
Bxg5 22. hxg5 e5 23. Nh3 Qg7 24. Nf2 Nb4 25. Rxc7 N6xd5 26. Rxb7 Nf4 27. Rxf7
Rxd1 28. Rxg7+ Kxg7 29. Bxd1 Nbd3 30. Nxd3 Nxd3 31. Re2 Rf5 32. Bc2 Nf4 33. Re4
Rxg5 34. g4 Ne6 35. Kf2 Kf6 36. Ke3 Ke7 37. Kd3 Nc5+ 38. Kc4 Kd6 39. b4 axb4
40. Kxb4 1-0

[Event "Championship Primorsky Debut"]
[Site "?"]
[Date "2015.07.28"]
[Round "8.1"]
[White "Goganov, Aleksey"]
[Black "Kokarev, Dmitry"]
[Result "1/2-1/2"]
[WhiteElo "2601"]
[BlackElo "2608"]
[PlyCount "80"]
[EventDate "2015.??.??"]

1. e4 c5 2. Nf3 d6 3. d4 cxd4 4. Nxd4 Nf6 5. Nc3 a6 6. g3 g6 7. Bg2 Bg7 8. O-O
O-O 9. h3 Nc6 10. Be3 Nd7 11. b3 Re8 12. Qd2 Qa5 13. Rad1 Rb8 14. a4 Nxd4 15.
Bxd4 Bxd4 16. Qxd4 Qc5 17. Qxc5 Nxc5 18. Rfe1 f6 19. f4 a5 20. e5 dxe5 21. fxe5
Bf5 22. Rd2 Kf7 23. Bd5+ Kg7 24. g4 Bd7 25. Ne4 Nxe4 26. Rxe4 e6 27. exf6+ Kxf6
28. Bc4 Bc6 29. Rf2+ Kg5 30. Re5+ Kh4 31. g5 Kxh3 32. Bxe6+ Kg3 33. Re3+ Kh4
34. Rh3+ Kxg5 35. Rg3+ Kh6 36. Rh3+ Kg5 37. Rg3+ Kh6 38. Rh3+ Kg5 39. Rg3+ Kh6
40. Rh3+ Kg5 1/2-1/2

[Event "Championship Primorsky Debut"]
[Site "?"]
[Date "2015.07.28"]
[Round "8.2"]
[White "Zablotsky, Sergei"]
[Black "Smirnov, Pavel"]
[Result "0-1"]
[WhiteElo "2533"]
[BlackElo "2600"]
[PlyCount "150"]
[EventDate "2015.??.??"]

1. Nf3 Nf6 2. g3 d5 3. Bg2 e6 4. O-O Be7 5. c4 O-O 6. d4 c6 7. Qc2 b6 8. Nbd2
Bb7 9. e4 Na6 10. a3 dxc4 11. e5 Nd5 12. Ne4 b5 13. Neg5 g6 14. Qd2 Qd7 15. Ne4
c5 16. Qh6 cxd4 17. Nfg5 Bxg5 18. Bxg5 f5 19. exf6 Rf7 20. Rfe1 c3 21. Rad1
cxb2 22. Rxd4 Rc8 23. h4 Qc7 24. h5 gxh5 25. Rdd1 Nc5 26. Nxc5 Qxc5 27. Bh3 Nc7
28. Bf4 Qc6 29. Kh2 Qc2 30. Kg1 Qc6 31. Kh2 Qc2 32. Rf1 Bf3 33. Rb1 Be2 34. Rg1
Bg4 35. Qg5+ Kh8 36. Be5 Rg8 37. Qe3 Nd5 38. Qd4 Bxh3 39. Kxh3 Qf5+ 40. Kh2 Rg4
41. Qxb2 h4 42. Rbc1 h6 43. Rge1 Kh7 44. Qc2 Qxc2 45. Rxc2 Nxf6 46. Kh3 Re4 47.
Rxe4 Nxe4 48. Kxh4 Rxf2 49. Rc7+ Kg6 50. g4 Rf7 51. Rxf7 Kxf7 52. Kh5 a5 53.
Kxh6 Nf2 54. Bc3 Nxg4+ 55. Kg5 Ne3 56. Bxa5 Nc2 57. Kf4 Nxa3 58. Ke4 Nc4 59.
Bb4 Nb6 60. Kd4 Nd5 61. Ba3 b4 62. Bb2 Kf6 63. Ke4+ Nc3+ 64. Kd3 Kf5 65. Kc4
Nd5 66. Kd3 Nf4+ 67. Kc4 Ke4 68. Bg7 Nd5 69. Bh6 Kf3 70. Kd3 e5 71. Kc4 e4 72.
Bg5 e3 73. Kd3 Nf4+ 74. Kc4 e2 75. Be7 e1=Q 0-1

[Event "Championship Primorsky Debut"]
[Site "?"]
[Date "2015.07.28"]
[Round "8.3"]
[White "Bocharov, Dmitry"]
[Black "Papin, Vasily"]
[Result "1-0"]
[WhiteElo "2561"]
[BlackElo "2500"]
[PlyCount "75"]
[EventDate "2015.??.??"]

1. e4 c5 2. c3 Nf6 3. d3 Nc6 4. f4 g6 5. Nf3 Bg7 6. Be2 O-O 7. Na3 Rb8 8. O-O
d6 9. Kh1 b5 10. Nc2 b4 11. c4 Ne8 12. d4 cxd4 13. Nfxd4 Nxd4 14. Nxd4 Bb7 15.
Qd3 Nf6 16. Bf3 Nd7 17. Rd1 Qc8 18. Be3 Nc5 19. Qc2 f5 20. exf5 Bxf3 21. Nxf3
Qxf5 22. Qxf5 gxf5 23. Bd4 Bxd4 24. Nxd4 Rb7 25. b3 a6 26. Re1 Rf6 27. Re3 Rc7
28. h3 Kf7 29. a3 bxa3 30. Rxa3 h6 31. Kh2 Rb7 32. Nc6 Ke8 33. b4 Rc7 34. b5
axb5 35. Ra8+ Kf7 36. cxb5 Rg6 37. Nd4 Ne6 38. Rxe6 1-0

[Event "Championship Primorsky Debut"]
[Site "?"]
[Date "2015.07.28"]
[Round "8.4"]
[White "Sek, Konstantin"]
[Black "Pridorozhni, Aleksei"]
[Result "0-1"]
[WhiteElo "2432"]
[BlackElo "2569"]
[PlyCount "117"]
[EventDate "2015.??.??"]

1. e4 c5 2. Nf3 Nc6 3. Nc3 e6 4. d4 cxd4 5. Nxd4 Nf6 6. Ndb5 Bb4 7. a3 Bxc3+ 8.
Nxc3 d5 9. exd5 exd5 10. Bd3 O-O 11. O-O Bg4 12. f3 Be6 13. Bg5 h6 14. Bh4 g5
15. Bf2 Nh5 16. g3 Ng7 17. Bb5 Na5 18. Bc5 a6 19. Bxf8 Kxf8 20. Bd3 Qb6+ 21.
Kh1 Qxb2 22. Qe1 Nc6 23. Qd2 Ne5 24. Be2 Rc8 25. Na4 Qxc2 26. Qe3 Ng6 27. Bd1
Qc6 28. Bb3 Nf5 29. Qd2 Ne5 30. Rae1 Nc4 31. Bxc4 dxc4 32. Nc3 b5 33. Re4 Qd6
34. Qxd6+ Nxd6 35. Rd4 Rc6 36. g4 Ke7 37. f4 gxf4 38. Rdxf4 Rc5 39. Kg2 h5 40.
h3 hxg4 41. hxg4 Re5 42. Kf3 Ne8 43. Rg1 Nf6 44. g5 Nh7 45. Ne4 Bd5 46. Ke3 f5
47. gxf6+ Nxf6 48. Rg7+ Kf8 49. Rg6 Rxe4+ 50. Rxe4 Nxe4 51. Rxa6 c3 52. Rg6 c2
53. Rg1 Nd6 54. Kd4 Bb3 55. Kc3 Ba4 56. Rc1 Nc4 57. Kb4 Ne3 58. Kc3 Kf7 59. Kd4
0-1

[Event "Championship Primorsky Debut"]
[Site "?"]
[Date "2015.07.28"]
[Round "8.5"]
[White "Musaev, Rasul"]
[Black "Savchenko, Boris"]
[Result "0-1"]
[WhiteElo "2341"]
[BlackElo "2566"]
[PlyCount "54"]
[EventDate "2015.??.??"]

1. e4 c5 2. Nf3 Nc6 3. d4 cxd4 4. Nxd4 g6 5. Nxc6 bxc6 6. Qd4 Nf6 7. e5 Nd5 8.
c4 Qb6 9. Qe4 Nc7 10. Nc3 Bg7 11. Bd3 Ne6 12. Bc2 Ba6 13. f4 O-O 14. Bb3 d6 15.
Be3 Qc7 16. exd6 exd6 17. O-O Rae8 18. Qd3 d5 19. f5 dxc4 20. Bxc4 Rd8 21. Qe4
gxf5 22. Rxf5 Rd4 23. Bxd4 Bxd4+ 24. Kh1 Bxc4 25. Rd1 Rd8 26. Rh5 Bxc3 27. Rc1
Bd3 0-1

[Event "Championship Primorsky Debut"]
[Site "?"]
[Date "2015.07.28"]
[Round "8.6"]
[White "Maletin, Pavel"]
[Black "Rozum, Ivan"]
[Result "1-0"]
[WhiteElo "2583"]
[BlackElo "2535"]
[PlyCount "93"]
[EventDate "2015.??.??"]

1. d4 Nf6 2. c4 e6 3. g3 Bb4+ 4. Bd2 Bxd2+ 5. Nxd2 d6 6. e3 O-O 7. Bg2 c5 8.
Ne2 Qc7 9. O-O Nc6 10. d5 exd5 11. cxd5 Ne5 12. Nc3 Bd7 13. f4 Ng6 14. a4 a6
15. e4 c4 16. Kh1 b5 17. e5 dxe5 18. d6 Qxd6 19. axb5 Rad8 20. bxa6 Bc6 21.
Nde4 Qe7 22. Qe2 exf4 23. Qxc4 Rc8 24. Nxf6+ Qxf6 25. Bxc6 Rxc6 26. Qe2 Re6 27.
Qb5 Rb6 28. Qc4 Rxb2 29. a7 Ne5 30. Qxf4 Qc6+ 31. Qe4 Ra8 32. Nd5 Kh8 33. Rfc1
Qh6 34. Rc2 Rxc2 35. Qxc2 Nc6 36. Ra6 Qh3 37. Qe2 Qd7 38. Qb5 Qf5 39. Rxc6 Qe4+
40. Kg1 Qd4+ 41. Kg2 Qxa7 42. Rc7 Qd4 43. Nf4 Qf6 44. Qd7 Rf8 45. Rc8 Qb2+ 46.
Kh3 Qa3 47. Qd8 1-0

[Event "Championship Primorsky Debut"]
[Site "?"]
[Date "2015.07.28"]
[Round "8.7"]
[White "Keosidi, Konstantin"]
[Black "Pevzner, Lev"]
[Result "1/2-1/2"]
[WhiteElo "2401"]
[BlackElo "2396"]
[PlyCount "170"]
[EventDate "2015.??.??"]

1. e4 c5 2. Nc3 e6 3. g3 d5 4. exd5 exd5 5. Bg2 Nf6 6. d3 d4 7. Ne4 Nxe4 8.
Bxe4 Bd6 9. Ne2 Nd7 10. O-O Nf6 11. Bg2 O-O 12. h3 Be6 13. Kh2 Bd5 14. Bg5 Ng4+
15. hxg4 Qxg5 16. Ng1 Bxg2 17. Kxg2 f5 18. gxf5 Rxf5 19. Nf3 Qh6 20. Qe2 Raf8
21. Nd2 Qg6 22. Ne4 h5 23. Rh1 Be7 24. Rh3 h4 25. Rah1 Qe6 26. b3 hxg3 27. Rh8+
Kf7 28. Rxf8+ Kxf8 29. fxg3 Qg6 30. a4 Kg8 31. Rf1 Rxf1 32. Qxf1 Qf7 33. Qf3
Qxf3+ 34. Kxf3 Kf7 35. Nd2 Ke6 36. Ke4 Bd6 37. g4 a5 38. Nf3 Be7 39. Kf4 Bf6
40. Nd2 Bd8 41. Nc4 Kf6 42. Ke4 Ke6 43. Ne5 Bc7 44. Nf3 Bd8 45. Ne1 Bc7 46. Nf3
Bd8 47. Ng1 Bb6 48. Nh3 Bc7 49. Ng5+ Kf6 50. Nf3 Ke6 51. Nh4 Bd8 52. Ng6 Bc7
53. Nh4 Bd8 54. Nf3 Bc7 55. Ng1 Bb6 56. Ne2 Bc7 57. c3 dxc3 58. Nxc3 Be5 59.
Nd5 Bd6 60. Ne3 Be5 61. Nf5 Bf6 62. Ng3 Be5 63. Ne2 Bd6 64. d4 cxd4 65. Nxd4+
Kf6 66. Kd5 Bg3 67. Nf3 Bc7 68. Kc5 Ke6 69. Kb5 Kd5 70. Nd2 g5 71. Nc4 Bd8 72.
Ne3+ Ke4 73. Nc4 Kd5 74. Ne3+ Ke4 75. Nf5 Bc7 76. Ng7 Ke5 77. Ne8 Bd8 78. Ng7
Bc7 79. Nf5 Kf4 80. Nd4 Kxg4 81. Ne6 Be5 82. Kxa5 Kf5 83. Nxg5 Bc7+ 84. Kb5
Kxg5 85. a5 Kf5 1/2-1/2